Normal view
MARC view
- Qureshi, Altaf Hassan
Entry Personal Name
001 - CONTROL NUMBER
- control field: 10109
003 - CONTROL NUMBER IDENTIFIER
- control field: NUST
005 - DATE AND TIME OF LATEST TRANSACTION
- control field: 20180309061845.0
008 - FIXED-LENGTH DATA ELEMENTS
- fixed length control field: 180309|| aca||aabn | a|a d
040 ## - CATALOGING SOURCE
- Original cataloging agency: NUST
- Transcribing agency: NUST
100 ## - HEADING--PERSONAL NAME
- Personal name: Qureshi, Altaf Hassan
670 ## - SOURCE DATA FOUND
- Source citation: Work cat.: (NUST): Qureshi, Altaf Hassan, Jang e September ki yadein:, 2018
